000 00305nam a22001337a 4500
008 180918b xxu||||| |||| 00| 0 eng d
020 _a9781565335455
041 _aeng
080 _29 ED
_a610.73
100 _a3
101 _aSHM
245 _aRn Mental Health Nursing
_cSpnmer.sh
942 _2udc
_cBK
999 _c47937
_d47937